Utilización de raigras anual en producción de carne /
Guardado en:
| Autor Principal: | |
|---|---|
| Formato: | Libro |
| Idioma: | Undetermined |
| Publicado: |
Marcos Juarez :
INTA,
2008.
|
| Edición: | 1a ed. |
| Materias: | |
| Etiquetas: |
Agregar Etiqueta
Sin Etiquetas, Sea el primero en etiquetar este registro!
|
| LEADER | 00809nam a22002295a 4500 | ||
|---|---|---|---|
| 001 | CEM.cems024672 | ||
| 008 | 250609s2008####xx############000#0#und#d | ||
| 005 | 20250609123620.0 | ||
| 245 | 1 | 0 | |a Utilización de raigras anual en producción de carne / |c Marcelo Tolchinsky. |
| 250 | |a 1a ed. | ||
| 260 | |a Marcos Juarez : |b INTA, |c 2008. | ||
| 300 | |a 16 p. ; |c 25 cm. | ||
| 500 | |a Informe de Investigación. | ||
| 505 | 0 | |a Producción de forraje y de carne sobre avena y raigrás anual -- Utilización de raigras anual con alta eficiencia de transformación en carne | |
| 020 | |a 95818519229 | ||
| 100 | 1 | |a Tolchinsky, Marcelo. | |
| 082 | 0 | 4 | |a 633.2 |
| 653 | |a Raigrás | ||
| 653 | |a Producción de carne | ||
| 653 | |a Raigrás anual | ||
| 653 | |a Carne | ||
| 859 | |a CEMS |b BIB. CEMS - Agricultura |h 633.2 |i T574 |p A3863.25 |t Ej.1 | ||
